The dorling kindersley encyclopedia of fishing (Record no. 44386)

MARC details
000 -LEADER
fixed length control field 00603nam a2200217 i 4500
001 - CONTROL NUMBER
control field C2-0141791
003 - CONTROL NUMBER IDENTIFIER
control field PPAK
005 - DATE AND TIME OF LATEST TRANSACTION
control field 20180727125437.0
008 - FIXED-LENGTH DATA ELEMENTS--GENERAL INFORMATION
fixed length control field 980107s1994 enka|||| ||||| | eng d
020 ## - INTERNATIONAL STANDARD BOOK NUMBER
International Standard Book Number 0751300853
040 ## - CATALOGING SOURCE
Original cataloging agency PPAK
Language of cataloging eng
Transcribing agency PPAK
Description conventions rda
082 04 - DEWEY DECIMAL CLASSIFICATION NUMBER
Classification number 799.1
Edition number 23
090 00 - LOCALLY ASSIGNED LC-TYPE CALL NUMBER (OCLC); LOCAL CALL NUMBER (RLIN)
Classification number (OCLC) (R) ; Classification number, CALL (RLIN) (NR) 799.1
Feature heading DOR
Feature heading R
245 04 - TITLE STATEMENT
Title The dorling kindersley encyclopedia of fishing
264 #1 - PRODUCTION, PUBLICATION, DISTRIBUTION, MANUFACTURE, AND COPYRIGHT NOTICE
Place of production, publication, distribution, manufacture London :
Name of producer, publisher, distributor, manufacturer Dorling Kindersley ,
Date of production, publication, distribution, manufacture, or copyright notice 1994
300 ## - PHYSICAL DESCRIPTION
Extent 288 pages :
Other physical details colour illustrations ;
Dimensions 28 cm
336 ## - CONTENT TYPE
Source rdacontent
Content type term text
337 ## - MEDIA TYPE
Source rdamedia
Media type term unmediated
338 ## - CARRIER TYPE
Source rdacarrier
Carrier type term volume
942 ## - ADDED ENTRY ELEMENTS (KOHA)
-- dc
Koha item type Book
Holdings
Withdrawn Not for loan Current library Shelving location Date acquired Full call number Barcode Date last seen Koha item type
  Not For Loan Perpustakaan Alor Setar Rujukan Dewasa 07/01/1998 R 799.1 DOR A00102071 08/05/2018 Book
  Not For Loan Perpustakaan Awam Sungai Petani Rujukan Dewasa 09/03/2004 R 799.1 DOR A00422178 08/05/2018 Book
  Not For Loan Perpustakaan Jitra Rujukan Dewasa 21/04/2004 R 799.1 DOR A00848849 08/05/2018 Book
  Not For Loan Perpustakaan Langkawi Rujukan Dewasa 31/10/2005 R 799.1 DOR A00356169 08/05/2018 Book